الثقافة : (Record no. 15683)

MARC details
000 -الفاتح
حقل البيانات ثابتة الطول 00844nam a22001937a 4500
008 - عناصر البيانات ثابتة الطول - معلومات عامة
حقل البيانات ثابتة الطول 110712s2005 ua|||||r|||| 000 0 ara d
082 ## - رقم تصنيف ديوى العشرى
رقم التصنيف 575.0162
رقم المادة ث ق ا
245 ## - بيان العنوان
العنوان الثقافة :
بقية العنوان منظور دارويني : وضع مبحث الميمات كعلم /
بيان المسئوليه,etc تحرير روبرت أونجر ؛ ترجمة شوقي جلال
260 ## - PUBLICATION, DISTRIBUTION, ETC. (IMPRINT)
مكان الناشر او الموزع القاهرة :
اسم الناشر او الموزع المجلس الأعلى للثقافة، 2005
تاريخ النشر أو التوزيع 2005
300 ## - الوصف المادى
التعداد 307 ص ؛
أبعاد الوعاء 24 سم
336 ## - نوع المحتوى
source rdacontent
Carrier Type Term نص
Content Type Code txt
337 ## - نوع الوسيط
Media Type Term بدون وسيط
source rdamedia
Media Type Code n
338 ## - نوع الحامل أو الناقل
Carrier Type Term مجلد
Carrier Type Code nc
source rdacarrier
504 ## - تبصرة ببليوجرافية
تبصرة ببليوجرافية,الخ يشتمل على إرجاعات ببليوجرافية ص281-300
650 ## - المدخل الاضافى بالموضوع-مصطلح موضوعى
9 (RLIN) 26278
مصطلح موضوعي أو اسم جغرافي كعنصر مدخل نظرية دارون
700 ## - المدخل الاضافى - اسم شخصى
9 (RLIN) 26275
الإسم الشخصى أونجر، روبرت
الدور تحرير
700 ## - المدخل الاضافى - اسم شخصى
9 (RLIN) 26277
الإسم الشخصى جلال، شوقي
الدور ترجمة
942 ## - عناصر المدخل الإضافي( كوها)
مصدر التصنيف او مخطط الترفيف Dewey Decimal Classification
Koha [default] item type Book - Borrowing
جزء التصنيف RDA-MOD
Holdings
حالة التراجع حالة الفقد مصدر التصنيف او خطة الترفيف حالة تلف ليس للاعارة مجموعات كوها المكان الدائم المكان الحالي موقع الترفيف تاريخ الاكتساب Source of acquisition رقم الاستدعاء الباركود Date last seen نوع الوعاء
    Dewey Decimal Classification     Alef-Baa Central Library Central Library First floor 12/07/2011   575.0162 ث ق ا 000024344 15/07/2025 Book - Borrowing